Fundamentos de administración financiera (Registro nro. 1148)

Detalles MARC
000 -LEADER
fixed length control field 01030 a2200241 4500
001 - CONTROL NUMBER
control field 23966
005 - DATE AND TIME OF LATEST TRANSACTION
control field 20260407155525.0
008 - FIXED-LENGTH DATA ELEMENTS--GENERAL INFORMATION
fixed length control field 260407a1982 arg spa d
003 - CONTROL NUMBER IDENTIFIER
control field AR-UNSa-BCEJYS
040 ## - CATALOGING SOURCE
Original cataloging agency AR-UNSa-BCEJYS
Language of cataloging spa
Transcribing agency AR-UNSa-BCEJYS
080 ## - UNIVERSAL DECIMAL CLASSIFICATION NUMBER
Universal Decimal Classification number 658.15
Common auxiliary subdivision Administración financiera privada. Gestión financiera de empresas<br/>
020 ## - INTERNATIONAL STANDARD BOOK NUMBER
International Standard Book Number 968-25-0941-6
100 1# - MAIN ENTRY--PERSONAL NAME
Personal name Weston, J. Ferd
245 10 - TITLE STATEMENT
Title Fundamentos de administración financiera
250 ## - EDITION STATEMENT
Edition statement 5a. ed
264 #1 - PRODUCTION, PUBLICATION, DISTRIBUTION, MANUFACTURE, AND COPYRIGHT NOTICE
Place of production, publication, distribution, manufacture México :
Name of producer, publisher, distributor, manufacturer Nueva Editorial Interamericana
Date of production, publication, distribution, manufacture, or copyright notice 1982
300 ## - PHYSICAL DESCRIPTION
Extent xiv, 648 p.
Dimensions 25 cm.
505 ## - FORMATTED CONTENTS NOTE
Formatted contents note 1. El ambiente de la administración finaciera - 2. Análisis financiero, laneación y control - 3. Administración del capital de trabajo - 4. Decisiones de inversión - 5. Valuación de la empresa y costo del capital - 6. Financiamiento a largo plazo - 7. Temas selectos de la administración financiera.
590 ## - LOCAL NOTE (RLIN)
Local note niveau_biblio:m niveau_hierar:0
700 1# - ADDED ENTRY--PERSONAL NAME
Personal name Brigham, Eugene F.
700 1# - ADDED ENTRY--PERSONAL NAME
Personal name Gómez Mont, Jaime
942 ## - ADDED ENTRY ELEMENTS (KOHA)
Koha item type
Existencias
Withdrawn status Lost status Damaged status Not for loan Home library Current library Shelving location Date acquired Total checkouts Full call number Barcode Date last seen Price effective from Koha item type
        Biblioteca Prof. Eusebio Cleto del Rey Biblioteca Prof. Eusebio Cleto del Rey   07/04/2026   658.15 W534 5ed. L39069 07/04/2026 07/04/2026 Libro
        Biblioteca Prof. Eusebio Cleto del Rey Biblioteca Prof. Eusebio Cleto del Rey   07/04/2026   658.15 W534 5ed. L53128 07/04/2026 07/04/2026 Libro